000 01544nam a2200289 a 4500
001 ASIN0143122169
005 20170105102928.0
008 131216s2012 xxu eng d
020 _a0143122169 (paperback)
_c$16.00
020 _a9780143122166 (paperback)
040 _a0
050 0 4 _aDS392.2.K3
082 0 4 _a954.9183
_bINS 2011
100 1 _aInskeep, Steve.
245 1 0 _aInstant city :
_blife and death in karachi /
_cSteve Inskeep.
250 _aReprint ed.
260 _a[S.l.] :
_bPenguin Books,
_c2012.
300 8 4 _a 2p. ;
_c22 cm.
520 _aMorning Edition cohost Steve Inskeep presents a riveting account of a single harrowing day in December 2009 that sheds light on the constant tensions in Karachi, Pakistan—when a bomb blast ripped through a Shia religious procession, followed by the torching of hundreds of businesses in Karachi’s commercial district. Through interviews with a broad cross section of Karachi residents, Inskeep peels back the layers of that terrible day. It is the beginning, and a constant touchstone, in a journey across the city’s epic history and its troubled present Thrilling and deeply researched, Instant City tells the story of one of the world’s fastest-growing metropolises and the forces competing to shape its future.
650 0 _aBombings
650 0 _aPakistan--Karachi
650 0 _aSocial history
650 0 _aTravel
650 0 _aUrbanization
856 4 0 _3Amazon.com
_uhttp://www.amazon.com/exec/obidos/ASIN/0143122169/chopaconline-20
942 _2ddc
_cBK
999 _c15942
_d15942